| 000 | 00881aam a2200265 a 4500 | ||
|---|---|---|---|
| 001 | 3691896 | ||
| 005 | 20200421093826.0 | ||
| 008 | 021204r20032002enkac 000 0 eng | ||
| 015 | _aGBA3-Z4868 | ||
| 016 | 7 |
_a1841154377 _2Uk |
|
| 020 |
_a1841154377 (pbk.) : _c£7.99 |
||
| 035 | _a(Uk)gb A30Z4868 | ||
| 035 | _a774279 | ||
| 040 |
_aStDuBDS _cStDuBDS _dUk |
||
| 082 | 0 | 4 |
_a791.430233 _221 |
| 100 | 1 |
_aCoren, Victoria, _d1972- |
|
| 245 | 1 | 0 |
_aOnce more, with feeling : _bhow we tried to make the greatest porn film ever / _cVictoria Coren, Charlie Skelton. |
| 260 |
_aLondon : _bFourth Estate, _c2002 _g(2003 printing) |
||
| 300 |
_a340 p., [16] p. of plates : _bcol. ill., ports.c20 cm. |
||
| 600 | 1 | 0 |
_aCoren, Victoria, _d1972- |
| 600 | 1 | 0 | _aSkelton, Charlie. |
| 650 | 0 |
_aErotic films _xProduction and direction _vHumor. _91661 |
|
| 700 | 1 | _aSkelton, Charlie. | |
| 942 |
_2ddc _cBK |
||
| 999 |
_c331 _d331 |
||